<?xml version="1.0" encoding="UTF-8"?><?xml-stylesheet type="text/xsl" href="static/style.xsl"?><OAI-PMH xmlns="http://www.openarchives.org/OAI/2.0/" xmlns:xsi="http://www.w3.org/2001/XMLSchema-instance" xsi:schemaLocation="http://www.openarchives.org/OAI/2.0/ http://www.openarchives.org/OAI/2.0/OAI-PMH.xsd"><responseDate>2026-04-17T21:39:24Z</responseDate><request verb="GetRecord" identifier="oai:www.recercat.cat:2072/463510" metadataPrefix="marc">https://recercat.cat/oai/request</request><GetRecord><record><header><identifier>oai:recercat.cat:2072/463510</identifier><datestamp>2026-04-14T07:18:42Z</datestamp><setSpec>com_2072_98</setSpec><setSpec>col_2072_378192</setSpec></header><metadata><record xmlns="http://www.loc.gov/MARC21/slim" xmlns:dcterms="http://purl.org/dc/terms/" xmlns:xsi="http://www.w3.org/2001/XMLSchema-instance" xmlns:doc="http://www.lyncode.com/xoai" xsi:schemaLocation="http://www.loc.gov/MARC21/slim http://www.loc.gov/standards/marcxml/schema/MARC21slim.xsd">
   <leader>00925njm 22002777a 4500</leader>
   <datafield ind2=" " ind1=" " tag="042">
      <subfield code="a">dc</subfield>
   </datafield>
   <datafield ind2=" " ind1=" " tag="720">
      <subfield code="a">Rodrigo, Javier</subfield>
      <subfield code="e">author</subfield>
   </datafield>
   <datafield ind2=" " ind1=" " tag="260">
      <subfield code="c">2022</subfield>
   </datafield>
   <datafield ind2=" " ind1=" " tag="520">
      <subfield code="a">Investigadors de la UAB estan duent a terme el projecte SO-CLOSE per combatre l'estigmatització de les persones refugiades i sol·licitants d'asil i afavorir la seva integració en les comunitats d'acolliment mitjançant el disseny d'eines tecnològiques i digitals destinades a tots els públics, organitzacions i institucions.</subfield>
   </datafield>
   <datafield ind2=" " ind1=" " tag="520">
      <subfield code="a">Investigadores de la UAB están llevando a cabo el proyecto SO-CLOSE para combatir la estigmatización de las personas refugiadas y solicitantes de asilo y favorecer su integración social en las comunidades de acogida, mediante el diseño de herramientas tecnológicas y digitales destinadas a todos los públicos, organizaciones e instituciones.</subfield>
   </datafield>
   <datafield ind2="0" ind1="0" tag="245">
      <subfield code="a">SO-CLOSE : un projecte que dóna veu a les persones refugiades per facilitar la seva integració social</subfield>
   </datafield>
</record></metadata></record></GetRecord></OAI-PMH>